000 01547nam a22003254a 4500
005 20090618154516.0
008 071005s2008 ctu b 001 0 eng
010 _aENG-94106
020 _a9780198060178
_c850.00
020 _a0198060173
_c850.00
035 _aEN-77639
037 _bDBAD / PUB
040 _aDLC
082 _a303.482
100 _aGrewal, David Singh
245 _aNetwork power :
_bthe social dynamics of globalization /
_cDavid Singh Grewal
260 _aNew Delhi
_bOxford University Press
_c2009
270 _aYMCA Library Building, Jai Singh Road,
_bNew Delhi
_e110001
300 _axxiv, 404p.
_c25cm(Hb)
504 _aIncludes bibliographical references and index.
505 _aIntroduction -- Defining network power -- The power of sociability -- English and gold -- Power and choice in networks -- Evaluating network power -- Countering network power -- Network power in technology -- Global trade and network power -- Global neoliberalism -- Network power and cultural convergence -- Conclusion -- Notes -- Bibliography -- Index.
650 _aGlobalization
_xSocial aspects.
650 _aGlobalization
_xEconomic aspects.
650 _aSocial networks.
650 _aBusiness networks.
650 _aCommunication, International.
650 _aCosmopolitanism.
942 _2ddc
_cEN
_h303.482
_mGRE
999 _c27609
_d27609